| 000 | 00544nam a2200193 a 4500 | ||
|---|---|---|---|
| 001 | 3303 | ||
| 005 | 20140414131916.0 | ||
| 008 | 040721s19uu xx 00 eng d | ||
| 020 | _a0-679-89266-4 | ||
| 050 |
_aER _bB35 1999 |
||
| 100 | _aBerenstain, Stan & Jan | ||
| 245 |
_aBerenstain Bears get the noisies (The) / _cStan and Jan Berenstain. |
||
| 260 |
_aNew York : _bRandom House, _c1999. |
||
| 300 | _a1 v. p. : ill. ; cm. | ||
| 440 | _aJellybean Books | ||
| 650 |
_aNoises _xFiction. |
||
| 650 | _aChildren stories. | ||
| 999 |
_c111502 _d111502 |
||